|
|
|
|
| LEADER |
00000nas a2200000 i 4500 |
| 001 |
ssj0000601669 |
| 003 |
WaSeSS |
| 005 |
20200512172242.0 |
| 006 |
m d |
| 007 |
cr n |
| 008 |
100827c19979999ck fr p s 0 0spa c |
| 010 |
|
|
|a 2013254014
|
| 022 |
|
|
|a 2256-5450
|y 0123-5931
|
| 035 |
|
|
|a (WaSeSS)ssj0000601669
|
| 040 |
|
|
|a OCLCE
|b eng
|c OCLCE
|d OCLCQ
|d VRC
|d OCLCQ
|d CUS
|d OCLCQ
|d OCLCF
|d OCLCO
|d IXA
|d OCLCO
|d WaSeSS
|
| 041 |
0 |
|
|a spa
|a eng
|b por
|
| 042 |
|
|
|a pcc
|
| 043 |
|
|
|a s-ck---
|a cl-----
|
| 130 |
0 |
|
|a Literatura (Universidad Nacional de Colombia. Departamento de Literatura)
|
| 245 |
1 |
0 |
|a Literatura
|h [electronic resource] :
|b teoría, historia, crítica /
|c Departamento de Literatura, Universidad Nacional de Colombia.
|
| 260 |
|
|
|a Bogotá D.C., Colombia :
|b Universidad Nacional de Colombia,
|c [1997?]-
|
| 310 |
|
|
|a Semiannual,
|b 2011-
|
| 321 |
|
|
|a Annual,
|b 1997-2010
|
| 362 |
1 |
|
|a Began with No. 1 (1997).
|
| 500 |
|
|
|a Some issues also have distinctive titles.
|
| 506 |
|
|
|a License restrictions may limit access.
|
| 515 |
|
|
|a Whole issue numbering dropped with no. 12 (2010); volume and issue numbering began with vol. 13, no. 1 (enero/junio 2011).
|
| 515 |
|
|
|a None published 1998-1999.
|
| 546 |
|
|
|a In Spanish, some Portuguese; abstracts in English, Portuguese and Spanish.
|
| 588 |
|
|
|a Description based on: No. 1 (1997); title from journal homepage (publisher's Web site, viewed July 31, 2015).
|
| 588 |
|
|
|a Latest issue consulted: Vol. 17, núm. 1 (2015) (viewed July 31, 2015).
|
| 650 |
|
0 |
|a Colombian literature
|x History and criticism
|v Periodicals.
|
| 650 |
|
0 |
|a Latin American literature
|x History and criticism
|v Periodicals.
|
| 650 |
|
0 |
|a Literature
|x History and criticism
|v Periodicals.
|
| 650 |
|
7 |
|a Colombian literature.
|2 fast
|0 (OCoLC)fst00868378
|
| 650 |
|
7 |
|a Latin American literature.
|2 fast
|0 (OCoLC)fst00993031
|
| 650 |
|
7 |
|a Literature.
|2 fast
|0 (OCoLC)fst00999953
|
| 655 |
|
0 |
|a Electronic journals.
|
| 710 |
2 |
|
|a Universidad Nacional de Colombia.
|b Departamento de Literatura.
|
| 776 |
0 |
8 |
|i Print version:
|t Literatura (Universidad Nacional de Colombia. Departamento de Literatura)
|x 0123-5931
|w (DLC)sn 98044657
|w (OCoLC)40540698
|
| 856 |
4 |
0 |
|z Full text available from Research Library: 01/01/2004 to present
|u https://search.proquest.com/publication/2035725
|